000 00253 a2200109 4500
001 90860
082 _a928.914391 HAL
090 _c43032
_d43032
100 _aDr Halal Naqvi
245 _aYadoon Ki Baraat
_cDr Halal Naqvi
_nUrdu
300 _a384 p
942 _aCAE NUST
_k928.914391 HAL
999 _c325933
_d325933